Psicología del pánico / (Record no. 92199)

MARC details
000 -LEADER
campo de control de longitud fija 00805cam a2200277K 4500
001 - NÚMERO DE CONTROL
campo de control 45330
005 - FECHA Y HORA DE LA ÚLTIMA TRANSACCIÓN
campo de control 20230410133033.0
008 - DATOS DE LONGITUD FIJA--INFORMACIÓN GENERAL
campo de control de longitud fija 881115s1964 ag b 000 0 spa d
035 ## - NÚMERO DE CONTROL DEL SISTEMA
Número de control de sistema (OCoLC)ocm18763522
040 ## - FUENTE DE CATALOGACIÓN
Centro catalogador/agencia de origen YKC
Centro/agencia transcriptor YKC
035 ## - NÚMERO DE CONTROL DEL SISTEMA
Número de control de sistema (OCoLC)18763522
041 1# - CÓDIGO DE IDIOMA
Código de lengua del texto/banda sonora o título independiente spa
Código de lengua original eng
050 14 - SIGNATURA TOPOGRÁFICA DE LA BIBLIOTECA DEL CONGRESO
Número de clasificación BF 575
Número de ítem M495p 1964
082 00 - NÚMERO DE LA CLASIFICACIÓN DECIMAL DEWEY
Número de clasificación 157.3
049 ## - FONDOS LOCALES (OCLC)
Biblioteca depositaria GRAL
100 1# - ENTRADA PRINCIPAL--NOMBRE DE PERSONA
Nombre de persona Meerloo, Joost Abraham Maurits,
Fechas asociadas al nombre 1903-
245 10 - MENCIÓN DEL TÍTULO
Título Psicología del pánico /
Mención de responsabilidad, etc. Joost A. M. Meerloo; [Tr. por Daniel Ricardo Wagner]
260 ## - PUBLICACIÓN, DISTRIBUCIÓN, ETC.
Lugar de publicación, distribución, etc. Buenos Aires :
Nombre del editor, distribuidor, etc. Hormé;
-- dist. exclusiva: Paidós
Fecha de publicación, distribución, etc. [1964]
490 0# - MENCIÓN DE SERIE
Mención de serie Psicología de hoy,
Designación de volumen o secuencia 4
504 ## - NOTA DE BIBLIOGRAFÍA, ETC.
Nota de bibliografía, etc. Bibliography: p. [145]-147.
500 ## - NOTA GENERAL
Nota general Translation of: Patterns of panic.
650 #0 - PUNTO DE ACCESO ADICIONAL DE MATERIA--TÉRMINO DE MATERIA
Término de materia o nombre geográfico como elemento de entrada Fear.
942 ## - ELEMENTOS DE ENTRADA SECUNDARIOS (KOHA)
Fuente del sistema de clasificación o colocación Clasificación de Library of Congress
Tipo de ítem Koha
946 ## - PROCESAMIENTO DE INFORMACIÓN LOCAL (OCLC)
a clperez
994 ## -
-- C0
-- DRFGD
Holdings
Estatus retirado Estado de pérdida Fuente del sistema de clasificación o colocación Estado de daño No para préstamo Colección Biblioteca de origen Biblioteca actual Ubicación en estantería Fecha de adquisición Serial enumeration / chronology Signatura topográfica completa Código de barras Visto por última vez Copia número Tipo de ítem Koha
    Clasificación de Library of Congress     Humanidades Biblioteca Juan Bosch Biblioteca Juan Bosch Humanidades (4to. Piso) 10/04/2023 1 BF 575 M495p 1964 00000045357 17/11/2018 1